Record Details

Nelson English : Development Book 5

John Jackman (Author).

Record details

  • ISBN: 9780174245360
  • Physical Description: Paperback
  • Publisher: London Oxford University Press 2014
Subject: English Language

Available copies

  • 1 of 1 copy available at Headquarters.
Location Call Number / Copy Notes Barcode Shelving Location Status Due Date
Tema Library 201 428.6/JAC 000000191401 400 - Languages, Grammar, Dictionaries, Thesaurus Available -

No reviews or recommendations are currently available.

Loading shelf browser…

LDR 00620cam a2200205Ka 4500
0012656
003HQ
00520200210171013.0
008070101s xxko dr6 0 eng d
020 . ‡a9780174245360
037 . ‡aBook Aid
082 . ‡a428.6/JAC
100 . ‡aJohn Jackman
245 . ‡aNelson English : Development Book 5
260 . ‡aLondon ‡bOxford University Press ‡c2014
300 . ‡aPaperback
650 . ‡aEnglish Language
901 . ‡a2656 ‡bAUTOGEN ‡c2656 ‡tbiblio

Session Timeout

Your session will expire in minutes and seconds.

If you need more time, please click "Continue Session."

Session Ended

Your session has ended. Redirecting to the home page...